Города Рязанской области - Statistics

General Stats
  • This quiz has been taken 91 times
  • The average score is 8 of 12
Answer Stats
Население Город % Correct
520 509 Рязань
98%
27 821 Касимов
84%
25 708 Скопин
72%
21 200 Рыбное
70%
21 220 Сасово
67%
20 197 Ряжск
67%
4591 Спас-Клепики
65%
5791 Шацк
60%
10 084 Кораблино
56%
10 085 Михайлов
53%
16 752 Новомичуринск
49%
5705 Спасск-Рязанский
47%
No matching quizzes found
Score Distribution
Percent of People with Each Score
Percentile by Number Answered
Your Score History
You have not taken this quiz